00594 a2200181 4500003000400000005001700004008004100021020001800062040000900080082001500089100003300104245005700137260002800194300001000222942003600232952012700268999001700395OSt20240801160706.0231017b |||||||| |||| 00| 0 eng d a9789394971059 coclc a297bAKA/P aAl Akkad, Abha Mahmud 98841 aPRATHIBHADHANANAYA PRAVACHAKAN /cAbbas Mahmud Akkad aMalappuram:bWay books, a239 p 2ddccBKh297iAKA/Pk297mAKA/P 00102ddc40708ISLAMaMESbMEScARBd2023-10-17l0o297 AKA/Pp42960r2023-10-17 14:17:49v250.00w2023-10-17yBKzU15R4 c42719d42719